|
|
|
|
| LEADER |
00000caa a2200000 c 4500 |
| 001 |
1671257669 |
| 003 |
DE-627 |
| 005 |
20200629163022.0 |
| 007 |
tu |
| 008 |
190813s1976 xx ||||| 00| ||fre c |
| 035 |
|
|
|a (DE-627)1671257669
|
| 035 |
|
|
|a (DE-599)KXP1671257669
|
| 040 |
|
|
|a DE-627
|b ger
|c DE-627
|e rda
|
| 041 |
|
|
|a fre
|
| 084 |
|
|
|a 1
|2 ssgn
|
| 245 |
0 |
0 |
|a Rudiments d’analyse narrative (II)
|b communication et echange
|
| 264 |
|
1 |
|c 1976
|
| 336 |
|
|
|a Text
|b txt
|2 rdacontent
|
| 337 |
|
|
|a ohne Hilfsmittel zu benutzen
|b n
|2 rdamedia
|
| 338 |
|
|
|a Band
|b nc
|2 rdacarrier
|
| 652 |
|
|
|a HA
|
| 689 |
0 |
0 |
|d s
|0 (DE-588)4152975-3
|0 (DE-627)105534315
|0 (DE-576)209799781
|2 gnd
|a Erzähltheorie
|
| 689 |
0 |
1 |
|d s
|0 (DE-588)4038971-6
|0 (DE-627)106230158
|0 (DE-576)209032642
|2 gnd
|a Methode
|
| 689 |
0 |
|
|5 (DE-627)
|
| 773 |
0 |
8 |
|i Enthalten in
|t Sémiotique et bible
|d Lyon : [Verlag nicht ermittelbar], 1975
|g 2(1976), Seite 2-5
|w (DE-627)166758655
|w (DE-600)302228-6
|w (DE-576)015195813
|x 0154-6902
|7 nnas
|
| 773 |
1 |
8 |
|g volume:2
|g year:1976
|g pages:2-5
|
| 935 |
|
|
|a BIIN
|
| 951 |
|
|
|a AR
|
| BIB |
|
|
|a 1
|
| ELC |
|
|
|b 1
|
| ITA |
|
|
|a 1
|t 1
|
| LOK |
|
|
|0 000 xxxxxcx a22 zn 4500
|
| LOK |
|
|
|0 001 3506736906
|
| LOK |
|
|
|0 003 DE-627
|
| LOK |
|
|
|0 004 1671257669
|
| LOK |
|
|
|0 005 20190927114420
|
| LOK |
|
|
|0 008 190813||||||||||||||||ger|||||||
|
| LOK |
|
|
|0 040
|a DE-Tue135-1
|c DE-627
|d DE-Tue135-1
|
| LOK |
|
|
|0 852
|a DE-Tue135-1
|
| LOK |
|
|
|0 852 1
|c FTHNT097910/2/NN1
|m p
|9 00
|
| LOK |
|
|
|0 852 2
|b Z 4/745
|9 00
|
| LOK |
|
|
|0 935
|a inzs
|
| LOK |
|
|
|0 936ln
|0 144204408X
|a HA
|
| LOK |
|
|
|0 938
|k p
|
| LOK |
|
|
|0 939
|a 13-08-19
|b l01
|
| ORI |
|
|
|a SA-MARC-ixtheoa001.raw
|
| STA |
0 |
0 |
|a Method,Narrative theory,Narratology,Narration (Rhetoric)
|
| STB |
0 |
0 |
|a Méthode,Narratologie,Narration
|
| STC |
0 |
0 |
|a Método,Narratología
|
| STD |
0 |
0 |
|a Metodo,Narratologia
|
| STE |
0 |
0 |
|a 叙事理论,叙事学,方法,办法
|
| STF |
0 |
0 |
|a 敍事理論,敍事學,方法,辦法
|
| STG |
0 |
0 |
|a Método,Narratologia
|
| STH |
0 |
0 |
|a Метод,Теория рассказа
|
| STI |
0 |
0 |
|a Αφηγηματολογία,Μέθοδος
|
| SUB |
|
|
|a BIB
|
| SYG |
0 |
0 |
|a Narratologie , Methodik,Verfahren,Technik,Methoden
|